02089njm a2200325Ia 4500001000600000003000900006005001700015008004100032040001300073040001300086041001100099999001900110999000900129100001600138100002500154100004300179245004200222250001100264260000900275260006900284300001700353300003000370500026300400505066200663511004701325650006101372700008201433942001201515952023601527G8751IT-RoPAU20220918181205.0131025s9999 xx 000 0 und d aIT-RoPAU cIT-RoPAU aLATINO c103366d103366 bn.d. aAA.VV.9794 eAutore musica933204 gCodice autore musica SPICS: 120009796 aDominus redemptor: tempo di quaresima a1a ed. aROMA bAUDIOVISIVI PAOLINEc1997 [1a Ed.:1997 - Ed. Lingua Orig.: 1997] aMUSICASSETTA c63 minuti (Testo: 0 pag.) aMusica religiosa. Canto gregoriano. 17 canti per le 5 domeniche di quaresima, con relativo testo in latino. Registrazione effettuata nella chiesa di S. Lorenzo Mondinari (Cr) nel 1996; registrazione ed editing: Roberto Chinellato. Grafica: Elisabetta Franco. aAudi benigne conditor (hymnus, 2:34) - Invocabit me (introitus, 3:06) - Qui habitat (tractus, 15:56) - Scapulis suis (offertorium, 1:24) - Tibi dixit cor meum (introitus II domenica, 2:42) - Sciant gentes (graduale, 6:07) - Visionem (communio, 2:35) - Oportet te (communio sabato II settimana, 2:13) - Oculi mei (introitus III domenica, 4:20) - Qui biberit aquam (communio, 2:43) - Laetare Ierusalem (introitus IV domenica, 4:32) - Laetatus sum (graduale, 3:34) - Lutum fecit (communio, 2:45) - Iudica me Deus (introitus V domenica, 4:16) - Confitebor tibi Domine (offertorium, 2:29) - Videns Dominus (communio, 2:29) - Nemo te condemnavit (communio, 2:30). aCantori Gregoriani diretti da Fulvio Rampi aGREGORIANO [CASSETTE]eCodice MATERIA SPICS: 9951915085 aAA.VV.eAutore testo e musicagCodice autore testo/musica SPICS: 12000933205 cMC2ddc 0010406G_8751_00000000000000071aSPICSbSPICSd2013-10-25l0oG8751r2013-10-25 00:00:00w2013-10-25yMCzProgr. Ins.: 22939 / N.Vol.: 1 / Copie: 1 - Copia rara: n.d. / date import: 01.01.2014 - By Epidotti, Trombetti, Vaglietti